| 000 | 00414nam a22001577a 4500 | ||
|---|---|---|---|
| 999 |
_c5340 _d5338 |
||
| 005 | 20210909115127.0 | ||
| 008 | 170330b xxu||||| |||| 00| 0 eng d | ||
| 020 | _a81-8069-348-1 | ||
| 041 | _aeng | ||
| 100 |
_aJALLHAL,K.A _93702 |
||
| 245 | _aFOUNDATION OF EXTENSION EDUCATION AND MANAGEMENT IN EXTENSION | ||
| 260 | _bCONCEPT PUBLICATION COMPANY | ||
| 300 | _a312 | ||
| 650 |
_aENGINEERING _96922 |
||
| 942 | _cBK | ||